000 01175nam0a22002651 4500
001 rc\4463310
005 20260407155621.0
021 _aRU
_b[57-5744]
035 _a(NLR Aleph) 008592261
090 _a8651133
_c8651133
100 _a20130416d1957 |||y0rusy50 ca
101 0 _arus
102 _aRU
105 _ay z |||||
200 1 _aПостановление Всесоюзного научно-технического совещания по маркшейдерскому делу, состоявшегося в городе Ленинграде в июле 1956 года
_fНауч.-техн. горное о-во. Центр. правл. Ленингр. обл. правл.
210 _a[Москва
_cБ. и.
_d1957]
215 _a26 с.
_d20
300 _aБез тит. л. и обл.
606 _aМаркшейдерское дело
_2psbo
710 1 2 _aВсесоюзное научно-техническое совещание по маркшейдерскому делу
_f1956
_eЛенинград
_3RU\NLR\AUTH\8810097025
_9695193
801 0 _aRU
_bNLR
_gpsbo
801 1 _aRU
_bELAR
_2rusmarc
852 _aNLR
_j57-4/1592
942 _cBOOK
980 _aNB